000 01069nam a22002777a 4500
005 20110127111440.0
008 110127t xxu||||| |||| 00| 0 hin d
010 _aHIN-91669
020 _c125.00
_a9788177112139
035 _aHN-64015
037 _bDBAD / PUB
040 _aDPL
_bHN
082 _a821
100 _925632
_aचौहान, वीना
245 _aक्षमादान /
_cवीना चौहान
246 _aShamadaan
_bVeena chohan
260 _aजयपुर
_bसाहित्यागार
_c2010
270 _aधामाणी मार्केट की गली, चौड़ा रास्ता
_bजयपुर
300 _a103पृ.
_c22सेमी (सजिल्द)
650 _9657
_aहिन्दी कविता
650 _925656
_aHindi Play
700 _925634
700 _925670
942 _2ddc
_cHN
_h821
_mचौहान
999 _c50188
_d50188